| 000 | 00595nam a2200181 i 4500 | ||
|---|---|---|---|
| 001 | 74779 | ||
| 003 | ES-MaACL | ||
| 005 | 20230906172237.0 | ||
| 007 | t| | ||
| 008 | 040921s1957 sp ||||1| spa d | ||
| 100 | 1 |
_aGracia Dorado, Felipe. _959467 |
|
| 245 | 1 | 0 |
_aLecciones de Parasitología / _cpor Felipe Gracia Dorado, Jaime Gállego Berenguer, Juan Gil Collado. |
| 260 |
_aMadrid : _b[s.n., _c1957] ( _fGráf. C.I.O.) |
||
| 300 |
_a2 t., 74 lám. ; _c24 cm. |
||
| 700 | 1 |
_aGállego Berenguer, Jaime. _953551 |
|
| 700 | 1 |
_aGil Collado, Juan. _956782 |
|
| 852 |
_aES-MaACL _jC-16094-5 _bR.43825 |
||
| 999 |
_c74779 _d74779 |
||